000 00272 a2200085 4500
020 _a9781631592966
100 _a Leatrice Eiseman
245 _aThe Complete Color Harmony, Pantone Edition: Expert Color Information for Professional Results
260 _bRockport Publishers
_c2017
999 _c13263
_d13263